[Event "FIDE World Uni Blitz-D 1st"]
[Site "Tornelo INT"]
[Date "2021.03.13"]
[Round "2.18"]
[White "Aneek, Das"]
[Black "Rakhimzhan, Alen"]
[Result "0-1"]
[WhiteElo "1838"]
[BlackElo "2273"]
[PlyCount "88"]
[EventDate "2021.03.13"]
[EventType "swiss (blitz)"]
[EventRounds "10"]
[EventCountry "NET"]
[SourceTitle "EXT 2022"]
[Source "ChessBase"]
[SourceDate "2021.10.06"]
[SourceVersion "1"]
[SourceVersionDate "2021.10.06"]
[SourceQuality "1"]

1. e4 e5 2. Nf3 Nc6 3. Bc4 Bc5 4. c3 Nf6 5. d3 d6 6. Bb3 a6 7. Nbd2 Ba7 8. h3 h6 9. Nf1 0-0 10. g4 Be6 11. Bc2 Nh7 12. Ng3 d5 13. Qe2 dxe4 14. dxe4 b5 15. b3 b4 16. Bd2 bxc3 17. Bxc3 Nd4 18. Nxd4 exd4 19. Bb2 c5 20. 0-0-0 Bb8 21. e5 Qg5+ 22. Kb1 Qxe5 23. Qd3 Nf6 24. Rhe1 Qc7 25. Nh5 Rd8 26. Nxf6+ gxf6 27. Qh7+ Kf8 28. Qxh6+ Ke7 29. Bf5 Qf4 30. Qh7 Be5 31. Bxe6 Kxe6 32. Bc1 Qxf2 33. g5 Qf5+ 34. Qxf5+ Kxf5 35. gxf6 Rd5 36. Rf1+ Ke6 37. Rde1 Rh8 38. Bf4 Rh5 39. Bxe5 Rdxe5 40. Rxe5+ Kxe5 41. Kc2 Rxh3 42. a4 Rh2+ 43. Kd3 Rh3+ 44. Kc4 Rc3# 0-1

[Event "Dhaka Walton op"]
[Site "Dhaka"]
[Date "2018.06.01"]
[Round "7"]
[White "Hasan, Sk Rashedul"]
[Black "Aneek, Das"]
[Result "1-0"]
[WhiteElo "1943"]
[BlackElo "1791"]
[PlyCount "82"]
[EventDate "2018.05.26"]
[EventType "swiss"]
[EventRounds "9"]
[EventCountry "BAN"]
[SourceTitle "CBM 184 Extra"]
[Source "ChessBase"]
[SourceDate "2018.06.28"]
[SourceVersion "1"]
[SourceVersionDate "2018.06.28"]
[SourceQuality "1"]

1. e4 c5 2. Nc3 d6 3. f4 Nc6 4. Nf3 g6 5. Bb5 Bg7 6. 0-0 Bd7 7. d3 e6 8. Qe1 Nge7 9. Bxc6 Bxc6 10. Be3 b6 11. Qg3 d5 12. Bd2 b5 13. Rae1 b4 14. Nd1 Qc7 15. Qf2 dxe4 16. dxe4 Bb5 17. Ng5 Bxf1 18. Qxf1 h6 19. Nf3 0-0 20. Qc4 Qd6 21. Ne3 Rac8 22. Ng4 h5 23. Nge5 Nc6 24. Nxc6 Rxc6 25. Be3 Bd4 26. g3 Bxb2 27. Kg2 Bg7 28. Re2 Rd8 29. Rd2 Qc7 30. Ng5 Rxd2+ 31. Bxd2 Qa5 32. e5 Qa6 33. Qe4 Rc7 34. Kh3 Qc6 35. Qe2 Qd5 36. Qb5 Qd7 37. Qe2 Qd5 38. Qb5 Qd7 39. Qe2 a5 40. Be3 Qc6 41. Qc4 Qd5 1-0

[Event "Dhaka Walton op"]
[Site "Dhaka"]
[Date "2018.05.29"]
[Round "4"]
[White "Aneek, Das"]
[Black "Md, Sariatullah"]
[Result "0-1"]
[WhiteElo "1791"]
[BlackElo "2003"]
[PlyCount "58"]
[EventDate "2018.05.26"]
[EventType "swiss"]
[EventRounds "9"]
[EventCountry "BAN"]
[SourceTitle "CBM 184 Extra"]
[Source "ChessBase"]
[SourceDate "2018.06.28"]
[SourceVersion "1"]
[SourceVersionDate "2018.06.28"]
[SourceQuality "1"]

1. e4 b6 2. d4 Bb7 3. Bd3 e6 4. Nf3 Nf6 5. e5 Nd5 6. a3 c5 7. dxc5 Bxc5 8. c4 Nc7 9. b4 Be7 10. Bb2 0-0 11. Nbd2 f6 12. Ne4 f5 13. Nd6 Bxd6 14. exd6 Ne8 15. Bc2 Qc8 16. Qd4 Qc6 17. 0-0-0 b5 18. Ne5 Qa6 19. Bb3 Nc6 20. Nxc6 Qxc6 21. c5 Nf6 22. Rhg1 Rf7 23. f3 Qc8 24. Qd3 Bd5 25. Bxf6 Bxb3 26. Qxb3 Rxf6 27. g4 fxg4 28. fxg4 Qc6 29. Rdf1 Raf8 0-1

[Event "Bhopal op"]
[Site "Bhopal"]
[Date "2017.12.21"]
[Round "1"]
[White "Aneek, Das"]
[Black "Atalik, Suat"]
[Result "0-1"]
[WhiteElo "1729"]
[BlackElo "2545"]
[PlyCount "68"]
[EventDate "2017.12.21"]
[EventType "swiss"]
[EventRounds "10"]
[EventCountry "IND"]
[SourceTitle "CBM 183"]
[Source "ChessBase"]
[SourceDate "2018.03.14"]
[SourceVersion "1"]
[SourceVersionDate "2018.03.14"]
[SourceQuality "1"]

1. e4 c5 2. Nf3 d6 3. d4 cxd4 4. Nxd4 Nf6 5. Nc3 Nc6 6. Be3 Ng4 7. Bb5 Nxe3 8. Nxc6 Nxd1 9. Nxd8+ Kxd8 10. Rxd1 e6 11. 0-0 a6 12. Be2 Bd7 13. f4 Be7 14. f5 Rf8 15. Bf3 Rc8 16. Rd2 Rc5 17. g4 Kc7 18. Rfd1 g6 19. f6 Bxf6 20. Rxd6 Bc6 21. R6d3 Bxc3 22. Rxc3 Rxc3 23. bxc3 f5 24. gxf5 exf5 25. Re1 fxe4 26. Bg2 Rf4 27. Re3 Kd6 28. Rh3 Rf7 29. Re3 Ke5 30. Re1 g5 31. h3 h5 32. Bh1 Rd7 33. Bf3 g4 34. Bg2 Rd2 0-1

[Event "BAN-chT2"]
[Site "Dhaka"]
[Date "2017.10.27"]
[Round "6.1"]
[White "Aneek, Das"]
[Black "Mohammad, Yousuf"]
[Result "1-0"]
[WhiteElo "1679"]
[BlackElo "1878"]
[PlyCount "91"]
[EventDate "2017.10.22"]
[EventType "team-swiss"]
[EventRounds "7"]
[EventCountry "BAN"]
[SourceTitle "CBM 181 Extra"]
[Source "ChessBase"]
[SourceDate "2017.12.12"]
[SourceVersion "1"]
[SourceVersionDate "2017.12.12"]
[SourceQuality "1"]
[WhiteTeam "Dhaka Knights"]
[BlackTeam "Abdus Sattar Memorial"]
[WhiteTeamCountry "BAN"]
[BlackTeamCountry "BAN"]

1. e4 c5 2. Nf3 Nc6 3. d4 cxd4 4. Nxd4 g6 5. Be3 Bg7 6. Nc3 d6 7. Qd2 Nf6 8. f3 Bd7 9. Bc4 a6 10. Bb3 b5 11. Nxc6 Bxc6 12. Bh6 0-0 13. h4 Re8 14. h5 Bh8 15. hxg6 hxg6 16. Bg5 Bg7 17. Bh6 Bh8 18. 0-0-0 a5 19. Bf8 Nh5 20. g4 Kxf8 21. gxh5 gxh5 22. Rxh5 Bf6 23. Rf5 e6 24. Qh6+ Bg7 25. Qg6 f6 26. Rg1 Ra7 27. Rh5 Qd7 28. Rgh1 Qf7 29. Qxf7+ Kxf7 30. Nxb5 Bxb5 31. Rxb5 Rc8 32. a4 Rc5 33. Rh5 Rxh5 34. Rxh5 Kg6 35. Rb5 e5 36. Be6 Bh6+ 37. Kd1 Be3 38. c3 Kg5 39. Ke2 Bc1 40. Rb8 Rg7 41. b4 Bb2 42. b5 Bxc3 43. b6 Bd4 44. Bd5 Kf4 45. b7 Rg2+ 46. Kd3 1-0

[Event "BAN-chT2"]
[Site "Dhaka"]
[Date "2017.10.23"]
[Round "2.1"]
[White "Aneek, Das"]
[Black "Mohammad Murad, Hossain"]
[Result "1-0"]
[WhiteElo "1679"]
[BlackElo "1720"]
[PlyCount "53"]
[EventDate "2017.10.22"]
[EventType "team-swiss"]
[EventRounds "7"]
[EventCountry "BAN"]
[SourceTitle "CBM 181 Extra"]
[Source "ChessBase"]
[SourceDate "2017.12.12"]
[SourceVersion "1"]
[SourceVersionDate "2017.12.12"]
[SourceQuality "1"]
[WhiteTeam "Dhaka Knights"]
[BlackTeam "Uttara Central CC"]
[WhiteTeamCountry "BAN"]
[BlackTeamCountry "BAN"]

1. e4 c5 2. Nf3 Nc6 3. d4 cxd4 4. Nxd4 a6 5. Nc3 e6 6. Nxc6 bxc6 7. Bd3 e5 8. 0-0 Bc5 9. Kh1 d5 10. exd5 cxd5 11. Nxd5 Ne7 12. Nxe7 Bxe7 13. f4 exf4 14. Bxf4 Bb7 15. Qg4 0-0 16. Bh6 Bf6 17. Qf5 Re8 18. Qxh7+ Kf8 19. Bc4 Bd5 20. Bxd5 Qxd5 21. Rxf6 Re2 22. Qxg7+ Ke7 23. Raf1 Re8 24. Rxf7+ Kd8 25. Qf6+ Kc8 26. Qxa6+ Kd8 27. Qb6+ 1-0